Cooperation in Distribution

Teória hier, kooperatívne kry. Kooperatívna distribúcia. Multidepová okružná úloha (MDVRP, multi-depot vehicle routing problem).

Saved in:
Bibliographic Details
Main Author: Figurová, Dana
Other Authors: Čičková, Zuzana, 1978-
Format: Book Chapter
Language:English
Subjects:
Tags: Add Tag
No Tags, Be the first to tag this record!

MARC

LEADER 00000naa$a2200000$$$4500
001 0243919
005 20240502073942.2
041 0 |a eng 
044 |a SK 
245 1 0 |a Cooperation in Distribution  |c Dana Figurová, Zuzana Čičková 
520 |a Teória hier, kooperatívne kry. Kooperatívna distribúcia. Multidepová okružná úloha (MDVRP, multi-depot vehicle routing problem). 
610 2 0 |a spolupráca podnikov 
610 2 0 |a distribúcia 
610 2 0 |a logistika 
610 2 0 |a služby dopravné 
610 2 0 |a teória hier 
610 2 0 |a hry logistické 
610 2 0 |a optimalizácia 
610 2 0 |a metódy matematické 
610 2 0 |a modely 
610 2 0 |a metódy kvantitatívne 
100 1 |a Figurová, Dana 
700 1 |a Čičková, Zuzana, 1978-